Statistics for Biggest Trading Partners - Poland

Click here to take the quiz!

General Stats

  • This quiz has been taken 1,195 times
  • The average score is 21 of 24

Answer Stats

exportsimportscountry% Correct
53.0 bil43.2 bilGermany
99%
13.0 bil4.81 bilUnited Kingdom
99%
5.79 bil11.5 bilRussia
98%
4.81 bil5.50 bilUnited States
98%
23.4 bilChina
97%
10.8 bil7.34 bilFrance
96%
5.43 bil4.12 bilSpain
96%
9.46 bil9.62 bilItaly
94%
5.65 bil3.20 bilSweden
93%
3.83 bilUkraine
92%
4.73 bil3.66 bilSlovakia
91%
2.87 bilJapan
88%
2.48 bilNorway
88%
2.65 bilLithuania
86%
3.47 bil3.07 bilAustria
85%
12.7 bil6.61 bilCzechia
85%
8.67 bil7.05 bilNetherlands
85%
5.18 bil3.38 bilHungary
84%
4.19 bil4.91 bilBelgium
82%
3.12 bil3.09 bilTurkey
80%
3.34 bil2.12 bilDenmark
79%
2.07 bilIndia
79%
3.49 bilRomania
79%
3.34 bilSouth Korea
71%

Score Distribution

Percentile by Number Answered

Percent of People with Each Score

Your Score History

You have not taken this quiz